الراسمالية تموت استقلالية ،ومجتمع افضل ، وعوالم متعددة:

مع تصاعد الضغوط عل الخط المستقيم: هل تفلت اقاهرة من قبضة هاوسمان؟ ففي هذا الكتاب تعالج المؤلفة الانتماء الكوزموبوليتاني كما يتجسد في الكوفي شوب القاهرية الراقية في جمهورها المنتمي للطبقة المتوسطة العليا في لغتهم المهجنة في ملابسهم المستوردة الثمينة في لغة أجسادهم إلخ....

全面介绍

Saved in:
书目详细资料
主要作者: باشيه، جيروم
其他作者: مهنى، عادل، (مترجم.)
格式: 图书
语言:阿拉伯语
出版: القاهرة : المركز القومى للترجمة، 2018.
版:ط. 1.
丛编:المشروع القومى للترجمة ؛ 3066
主题:
标签: 添加标签
没有标签, 成为第一个标记此记录!

MARC

LEADER 00000nam a22000007a 4500
003 INP
005 20190303101653.0
008 171228s2018 ua |||fr|||| 001 0 ara d
952 |0 0  |1 0  |4 0  |6 330_122000000000000_ع_ج  |7 0  |8 arabic_Boo  |9 19318  |a INP  |b INP  |c MAIN  |d 2019-03-03  |l 0  |o 330.122 ع.ج  |p 020327  |r 2022-03-28 00:00:00  |w 2019-03-03  |y BK 
999 |c 16067  |d 16067 
017 |a 2018/2646 
020 |a 9789779213428 
040 |a EG-INP  |b ara  |c EG-AIBA 
082 0 4 |2 21  |a 330.122  |b ع.ج 
100 1 |a باشيه، جيروم. 
245 1 0 |a الراسمالية تموت استقلالية ،ومجتمع افضل ، وعوالم متعددة:   |c ترجمة / عادل مهنى 
250 |a ط. 1. 
260 |a القاهرة :   |b المركز القومى للترجمة،   |c 2018. 
300 |a 200 ص. ؛   |c 24 سم. 
490 |a المشروع القومى للترجمة ؛   |v 3066 
520 |a مع تصاعد الضغوط عل الخط المستقيم: هل تفلت اقاهرة من قبضة هاوسمان؟ ففي هذا الكتاب تعالج المؤلفة الانتماء الكوزموبوليتاني كما يتجسد في الكوفي شوب القاهرية الراقية في جمهورها المنتمي للطبقة المتوسطة العليا في لغتهم المهجنة في ملابسهم المستوردة الثمينة في لغة أجسادهم إلخ. 
650 7 |a الرأسمالية.  |2 qrmak 
650 7 |a راس المال.  |2 qrmak 
700 1 |a مهنى، عادل،   |e مترجم. 
901 |a EGPV19 
902 |a EGPV19 
903 |a copycat 
942 |2 ddc  |c BK